[Event "LTU-ch Women 2019"]
[Site "Vilnius"]
[Date "2019.03.18"]
[Round "4.5"]
[White "Butvilaite, Berta Reja"]
[Black "Maziukaite, Kristina"]
[Result "1-0"]
[WhiteElo "1809"]
[BlackElo "1491"]
[Annotator "NA RC"]
[PlyCount "65"]
[EventDate "2019.??.??"]
[EventCountry "LTU"]
[SourceTitle "playchess.com"]
[Source "ChessBase"]
[SourceQuality "1"]
[TimeControl "5400+30"]

1. e4 {[%emt 0:00:00]} c6 {[%emt 0:00:00]} 2. d4 {[%emt 0:00:30]} d5 {[%emt 0:00:30]} 3. Nc3 {[%emt 0:00:30]} dxe4 {[%emt 0:00:30]} 4. Nxe4 {[%emt 0:00:30]} Bf5 {[%emt 0:00:30]} 5. Ng3 {[%emt 0:00:30]} Bg6 {[%emt 0:00:30]} 6. h4 {[%emt 0:00:30]} h6 {[%emt 0:00:30]} 7. h5 {[%emt 0:00:30]} Bh7 {[%emt 0:00:30]} 8. Nf3 {[%emt 0:00:30]} Nd7 {[%emt 0:00:30]} 9. Bd3 {[%emt 0:00:30]} Bxd3 {[%emt 0:00:30]} 10. Qxd3 {[%emt 0:00:30]} Ngf6 {[%emt 0:00:35]} 11. Bd2 {[%emt 0:01:13]} Qc7 {[%emt 0:01:02]} 12. O-O-O {[%emt 0:02:38]} e6 {[%emt 0:01:47]} 13. Rhe1 {[%emt 0:22:55]} O-O-O {[%emt 0:04:58]} 14. Qb3 {[%emt 0:01:31]} Bd6 {[%emt 0:03:06]} 15. Ne4 {[%emt 0:08:23]} Nxh5 {[%emt 0:04:12]} 16. Qa4 {[%emt 0:02:49]} Kb8 {[%emt 0:06:01]} 17. Nxd6 {[%emt 0:04:27]} Qxd6 {[%emt 0:00:30]} 18. Ne5 {[%emt 0:00:34]} Qe7 {[%emt 0:11:34]} 19. Bb4 {[%emt 0:04:10]} Qg5+ {[%emt 0:01:13]} 20. Kb1 {[%emt 0:01:15]} Nxe5 {[%emt 0:01:36]} 21. dxe5 {[%emt 0:02:33]} Rxd1+ {[%emt 0:04:06]} 22. Rxd1 {[%emt 0:00:30]} Rd8 {[%emt 0:03:30]} 23. Bd6+ {[%emt 0:00:56]} Ka8 {[%emt 0:00:30]} 24. a3 {[%emt 0:00:58]} Nf4 {[%emt 0:02:48]} 25. Rd4 {[%emt 0:01:23]} Ng6 {[%emt 0:04:07]} 26. f4 {[%emt 0:01:59]} Qh4 {[%emt 0:30:50]} 27. g3 {[%emt 0:02:09]} Qh1+ {[%emt 0:02:23]} 28. Ka2 {[%emt 0:00:30]} Rc8 {[%emt 0:00:30]} 29. Bc5 {[%emt 0:00:30]} a6 {[%emt 0:00:53]} 30. Qa5 {[%emt 0:00:30]} Qc1 {[%emt 0:05:21]} 31. Qb6 {[%emt 0:00:30]} Kb8 {[%emt 0:00:30]} 32. Qa7+ {[%emt 0:00:30]} Kc7 {[%emt 0:00:30]} 33. Bb6# {[%emt 0:00:30]} 1-0

[Event "LTU-ch Women 2019"]
[Site "Vilnius"]
[Date "2019.03.18"]
[Round "4.6"]
[White "Plutaite, Ausra"]
[Black "Perminaite, Guoda"]
[Result "0-1"]
[WhiteElo "1378"]
[BlackElo "1814"]
[Annotator "NA RC"]
[PlyCount "140"]
[EventDate "2019.??.??"]
[EventCountry "LTU"]
[SourceTitle "playchess.com"]
[Source "ChessBase"]
[SourceQuality "1"]
[TimeControl "5400+30"]

1. e4 {[%emt 0:00:00]} e5 {[%emt 0:00:00]} 2. d4 {[%emt 0:00:00]} exd4 {[%emt 0:00:02]} 3. c3 {[%emt 0:00:00]} d3 {[%emt 0:04:41]} 4. Bxd3 {[%emt 0:00:00]} Nc6 {[%emt 0:00:23]} 5. Nf3 {[%emt 0:01:43]} d6 {[%emt 0:03:04]} 6. Qb3 {[%emt 0:01:16]} h6 {[%emt 0:06:46]} 7. O-O {[%emt 0:01:30]} Qd7 {[%emt 0:08:34]} 8. Bf4 {[%emt 0:03:42]} g5 {[%emt 0:09:11]} 9. Bg3 {[%emt 0:00:42]} Bg7 {[%emt 0:00:57]} 10. Nbd2 {[%emt 0:02:30]} Nge7 {[%emt 0:02:17]} 11. Bb5 {[%emt 0:09:45]} a6 {[%emt 0:01:52]} 12. Bc4 {[%emt 0:00:31]} O-O {[%emt 0:01:01]} 13. Rfe1 {[%emt 0:02:27]} Na5 {[%emt 0:07:35]} 14. Qc2 {[%emt 0:00:45]} Nxc4 {[%emt 0:02:00]} 15. Nxc4 {[%emt 0:00:08]} b5 {[%emt 0:00:58]} 16. Na5 {[%emt 0:01:49]} Nc6 {[%emt 0:05:11]} 17. Nb3 {[%emt 0:02:36]} Bb7 {[%emt 0:14:32]} 18. Rad1 {[%emt 0:02:24]} Qe6 {[%emt 0:03:11]} 19. e5 {[%emt 0:06:04]} Nxe5 {[%emt 0:08:19]} 20. Nxe5 {[%emt 0:00:46]} dxe5 {[%emt 0:00:28]} 21. Nc5 {[%emt 0:00:38]} Qc6 {[%emt 0:00:21]} 22. Nxb7 {[%emt 0:00:26]} Qxb7 {[%emt 0:00:10]} 23. Bxe5 {[%emt 0:00:04]} Rfe8 {[%emt 0:03:22]} 24. Bg3 {[%emt 0:02:36]} Qc6 {[%emt 0:02:46]} 25. h4 {[%emt 0:02:15]} gxh4 {[%emt 0:03:23]} 26. Bxh4 {[%emt 0:00:08]} Qc4 {[%emt 0:00:14]} 27. Bg3 {[%emt 0:02:59]} c5 {[%emt 0:01:32]} 28. a3 {[%emt 0:01:51]} Qg4 {[%emt 0:04:59]} 29. Qd3 {[%emt 0:02:13]} c4 {[%emt 0:01:35]} 30. Qd6 {[%emt 0:01:26]} Qh5 {[%emt 0:02:26]} 31. Qc6 {[%emt 0:01:00]} Rec8 {[%emt 0:00:39]} 32. Qd5 {[%emt 0:01:33]} Qxd5 {[%emt 0:01:19]} 33. Rxd5 {[%emt 0:00:04]} Rc6 {[%emt 0:00:24]} 34. Red1 {[%emt 0:00:38]} Re8 {[%emt 0:00:25]} 35. Kf1 {[%emt 0:00:06]} Ree6 {[%emt 0:01:00]} 36. Bf4 {[%emt 0:01:18]} Kh7 {[%emt 0:00:55]} 37. Rd6 {[%emt 0:03:44]} Rcxd6 {[%emt 0:00:58]} 38. Rxd6 {[%emt 0:00:04]} Kg6 {[%emt 0:00:45]} 39. g4 {[%emt 0:01:54]} Rxd6 {[%emt 0:00:23]} 40. Bxd6 {[%emt 0:00:04]} Kg5 {[%emt 0:00:14]} 41. f3 {[%emt 0:00:17]} f5 {[%emt 0:00:48]} 42. gxf5 {[%emt 0:01:02]} Kxf5 {[%emt 0:00:07]} 43. Kg2 {[%emt 0:00:38]} Bf6 {[%emt 0:00:19]} 44. f4 {[%emt 0:05:41]} Kg4 {[%emt 0:01:11]} 45. Bc7 {[%emt 0:02:03]} Bh4 {[%emt 0:00:26]} 46. f5 {[%emt 0:02:46]} Kxf5 {[%emt 0:00:08]} 47. Kf3 {[%emt 0:00:06]} Bg5 {[%emt 0:00:10]} 48. Bd6 {[%emt 0:02:25]} Bc1 {[%emt 0:00:21]} 49. Bf8 {[%emt 0:00:21]} h5 {[%emt 0:01:04]} 50. Ke2 {[%emt 0:01:08]} Ke4 {[%emt 0:00:07]} 51. Kd1 {[%emt 0:00:16]} Bf4 {[%emt 0:00:21]} 52. Be7 {[%emt 0:00:38]} Bg3 {[%emt 0:00:27]} 53. Kc2 {[%emt 0:00:10]} h4 {[%emt 0:00:13]} 54. Bxh4 {[%emt 0:00:05]} Bxh4 {[%emt 0:00:12]} 55. b3 {[%emt 0:00:04]} Be7 {[%emt 0:00:45]} 56. a4 {[%emt 0:00:49]} Bg5 {[%emt 0:00:51]} 57. a5 {[%emt 0:01:39]} Bd8 {[%emt 0:00:31]} 58. b4 {[%emt 0:00:37]} Bg5 {[%emt 0:00:04]} 59. Kb1 {[%emt 0:01:03]} Kd3 {[%emt 0:00:05]} 60. Ka2 {[%emt 0:00:12]} Kxc3 {[%emt 0:00:12]} 61. Ka3 {[%emt 0:00:06]} Bc1+ {[%emt 0:00:17]} 62. Ka2 {[%emt 0:00:14]} Kxb4 {[%emt 0:00:08]} 63. Ka1 {[%emt 0:00:48]} Kxa5 {[%emt 0:00:32]} 64. Ka2 {[%emt 0:00:07]} Ka4 {[%emt 0:00:06]} 65. Ka1 {[%emt 0:00:12]} Ka3 {[%emt 0:00:08]} 66. Kb1 {[%emt 0:00:05]} Bb2 {[%emt 0:00:05]} 67. Kc2 {[%emt 0:00:16]} b4 {[%emt 0:00:20]} 68. Kb1 {[%emt 0:00:04]} c3 {[%emt 0:00:08]} 69. Kc2 {[%emt 0:00:11]} b3+ {[%emt 0:00:05]} 70. Kb1 {[%emt 0:00:12]} c2# {[%emt 0:00:06]} 0-1

[Event "LTU-ch Women 2019"]
[Site "Vilnius"]
[Date "2019.03.19"]
[Round "5.1"]
[White "Kaspute, Vesta"]
[Black "Sibajeva, Marija"]
[Result "0-1"]
[WhiteElo "2037"]
[BlackElo "2023"]
[Annotator "NA"]
[PlyCount "66"]
[EventDate "2019.??.??"]
[EventCountry "LTU"]
[SourceTitle "playchess.com"]
[Source "ChessBase"]
[SourceQuality "1"]
[TimeControl "5400+30"]

1. e4 {[%emt 0:00:00]} c5 {[%emt 0:00:00]} 2. Nf3 {[%emt 0:00:00]} e6 {[%emt 0:00:00]} 3. d4 {[%emt 0:00:00]} cxd4 {[%emt 0:00:02]} 4. Nxd4 {[%emt 0:00:00]} a6 {[%emt 0:00:09]} 5. Nc3 {[%emt 0:02:55]} b5 {[%emt 0:00:08]} 6. Bd3 {[%emt 0:16:16]} Qb6 {[%emt 0:00:15]} 7. Nb3 {[%emt 0:01:36]} Qc7 {[%emt 0:02:23]} 8. O-O {[%emt 0:02:46]} Nf6 {[%emt 0:00:30]} 9. Qe2 {[%emt 0:20:07]} d6 {[%emt 0:00:33]} 10. Bd2 {[%emt 0:04:57]} Be7 {[%emt 0:02:27]} 11. a4 {[%emt 0:03:43]} b4 {[%emt 0:09:13]} 12. Na2 {[%emt 0:00:58]} a5 {[%emt 0:00:29]} 13. c3 {[%emt 0:04:14]} bxc3 {[%emt 0:02:38]} 14. Nxc3 {[%emt 0:00:04]} Nc6 {[%emt 0:02:48]} 15. Rac1 {[%emt 0:07:50]} Qb7 {[%emt 0:04:09]} 16. Bb5 {[%emt 0:16:45]} Bd7 {[%emt 0:00:54]} 17. f3 {[%emt 0:04:12]} O-O {[%emt 0:04:03]} 18. Bxc6 {[%emt 0:00:10]} Bxc6 {[%emt 0:01:08]} 19. Nd4 {[%emt 0:00:29]} Rfc8 {[%emt 0:09:05]} 20. Ncb5 {[%emt 0:02:34]} Nd7 {[%emt 0:07:35]} 21. Nxc6 {[%emt 0:00:48]} Rxc6 {[%emt 0:00:07]} 22. Rxc6 {[%emt 0:00:07]} Qxc6 {[%emt 0:00:05]} 23. Rc1 {[%emt 0:00:23]} Nc5 {[%emt 0:00:16]} 24. Be3 {[%emt 0:01:15]} Rd8 {[%emt 0:13:20]} 25. e5 {[%emt 0:06:56]} dxe5 {[%emt 0:09:57]} 26. Qc4 {[%emt 0:01:08]} f5 {[%emt 0:03:16]} 27. b4 {[%emt 0:01:16]} axb4 {[%emt 0:00:56]} 28. Qxb4 {[%emt 0:01:39]} f4 {[%emt 0:04:20]} 29. Na7 {[%emt 0:00:29]} Qxa4 {[%emt 0:02:58]} 30. Bxc5 {[%emt 0:00:48]} Qxa7 {[%emt 0:02:22]} 31. Bxa7 {[%emt 0:00:18]} Bxb4 {[%emt 0:00:01]} 32. Rc2 {[%emt 0:00:24]} Rd7 {[%emt 0:05:01]} 33. Bb6 {[%emt 0:00:17]} Kf7 {[%emt 0:01:29]} 0-1

[Event "LTU-ch Women 2019"]
[Site "Vilnius"]
[Date "2019.03.19"]
[Round "5.2"]
[White "Ditmonaite, Viktorija"]
[Black "Butvilaite, Berta Reja"]
[Result "1-0"]
[WhiteElo "1871"]
[BlackElo "1809"]
[Annotator "NA"]
[PlyCount "71"]
[EventDate "2019.??.??"]
[EventCountry "LTU"]
[SourceTitle "playchess.com"]
[Source "ChessBase"]
[SourceQuality "1"]
[TimeControl "5400+30"]

1. d4 {[%emt 0:12:38]} d5 {[%emt 0:00:00]} 2. c4 {[%emt 0:01:07]} c6 {[%emt 0:00:00]} 3. Nf3 {[%emt 0:00:10]} Nf6 {[%emt 0:00:00]} 4. e3 {[%emt 0:00:32]} e6 {[%emt 0:00:24]} 5. Nc3 {[%emt 0:00:12]} Nbd7 {[%emt 0:00:09]} 6. Qc2 {[%emt 0:00:32]} Bd6 {[%emt 0:00:22]} 7. Bd3 {[%emt 0:01:10]} dxc4 {[%emt 0:00:58]} 8. Bxc4 {[%emt 0:00:02]} b5 {[%emt 0:01:00]} 9. Be2 {[%emt 0:00:03]} O-O {[%emt 0:00:26]} 10. O-O {[%emt 0:00:25]} Qc7 {[%emt 0:01:10]} 11. Rd1 {[%emt 0:02:12]} Bb7 {[%emt 0:03:27]} 12. e4 {[%emt 0:05:51]} e5 {[%emt 0:02:39]} 13. dxe5 {[%emt 0:04:52]} Nxe5 {[%emt 0:03:33]} 14. Nxe5 {[%emt 0:01:52]} Bxe5 {[%emt 0:00:14]} 15. g3 {[%emt 0:00:28]} a6 {[%emt 0:07:49]} 16. Be3 {[%emt 0:09:03]} Bxc3 {[%emt 0:03:38]} 17. bxc3 {[%emt 0:00:15]} c5 {[%emt 0:00:28]} 18. f3 {[%emt 0:04:01]} Rfe8 {[%emt 0:03:05]} 19. Bf4 {[%emt 0:06:40]} Qa5 {[%emt 0:04:54]} 20. c4 {[%emt 0:06:24]} Rac8 {[%emt 0:12:56]} 21. Bd6 {[%emt 0:05:03]} Nd7 {[%emt 0:15:33]} 22. Qb2 {[%emt 0:08:44]} b4 {[%emt 0:03:38]} 23. a3 {[%emt 0:00:42]} Nb6 {[%emt 0:03:56]} 24. axb4 {[%emt 0:01:57]} Qxb4 {[%emt 0:00:14]} 25. Qc2 {[%emt 0:00:31]} Nxc4 {[%emt 0:15:31]} 26. Bxc4 {[%emt 0:03:16]} Qb6 {[%emt 0:00:45]} 27. Qa2 {[%emt 0:03:20]} Kh8 {[%emt 0:01:09]} 28. Bxf7 {[%emt 0:01:16]} c4+ {[%emt 0:01:13]} 29. Qf2 {[%emt 0:02:00]} Qxf2+ {[%emt 0:00:41]} 30. Kxf2 {[%emt 0:00:02]} Red8 {[%emt 0:00:31]} 31. e5 {[%emt 0:00:16]} Bc6 {[%emt 0:02:03]} 32. e6 {[%emt 0:03:39]} Ra8 {[%emt 0:01:32]} 33. e7 {[%emt 0:00:23]} Rdc8 {[%emt 0:00:08]} 34. Bxc4 {[%emt 0:02:14]} Bxf3 {[%emt 0:01:07]} 35. Kxf3 {[%emt 0:00:45]} Rxc4 {[%emt 0:00:11]} 36. Bc5 {[%emt 0:01:20]} 1-0

[Event "LTU-ch Women 2019"]
[Site "Vilnius"]
[Date "2019.03.19"]
[Round "5.3"]
[White "Limontaite, Simona"]
[Black "Ravlusevic, Evelina"]
[Result "1/2-1/2"]
[WhiteElo "2233"]
[BlackElo "1704"]
[Annotator "NA"]
[PlyCount "57"]
[EventDate "2019.??.??"]
[EventCountry "LTU"]
[SourceTitle "playchess.com"]
[Source "ChessBase"]
[SourceQuality "1"]
[TimeControl "5400+30"]

1. Nf3 {[%emt 0:00:00]} d5 {[%emt 0:00:00]} 2. g3 {[%emt 0:00:00]} Nf6 {[%emt 0:00:00]} 3. Bg2 {[%emt 0:00:00]} c5 {[%emt 0:00:12]} 4. d4 {[%emt 0:00:39]} e6 {[%emt 0:00:30]} 5. O-O {[%emt 0:00:33]} Nc6 {[%emt 0:00:13]} 6. b3 {[%emt 0:04:07]} Be7 {[%emt 0:01:37]} 7. Bb2 {[%emt 0:01:17]} O-O {[%emt 0:00:20]} 8. Nbd2 {[%emt 0:00:26]} Ne4 {[%emt 0:06:49]} 9. dxc5 {[%emt 0:02:05]} Nxc5 {[%emt 0:03:45]} 10. Nd4 {[%emt 0:05:59]} Bf6 {[%emt 0:02:19]} 11. e3 {[%emt 0:01:48]} e5 {[%emt 0:02:31]} 12. Nxc6 {[%emt 0:04:07]} bxc6 {[%emt 0:00:03]} 13. Ba3 {[%emt 0:04:00]} Qa5 {[%emt 0:01:25]} 14. Qc1 {[%emt 0:00:35]} e4 {[%emt 0:02:08]} 15. Rb1 {[%emt 0:12:06]} Bc3 {[%emt 0:08:32]} 16. b4 {[%emt 0:04:58]} Qa4 {[%emt 0:00:20]} 17. Bb2 {[%emt 0:21:52]} Qxb4 {[%emt 0:02:16]} 18. Ba3 {[%emt 0:00:57]} Qa5 {[%emt 0:00:25]} 19. Nb3 {[%emt 0:06:09]} Nxb3 {[%emt 0:02:06]} 20. cxb3 {[%emt 0:00:05]} c5 {[%emt 0:01:05]} 21. Rd1 {[%emt 0:01:34]} Be6 {[%emt 0:00:40]} 22. Bb2 {[%emt 0:00:08]} Bxb2 {[%emt 0:01:43]} 23. Rxb2 {[%emt 0:00:04]} Qb4 {[%emt 0:02:26]} 24. f3 {[%emt 0:01:36]} f5 {[%emt 0:01:34]} 25. Qd2 {[%emt 0:00:28]} a5 {[%emt 0:08:16]} 26. Rc2 {[%emt 0:03:56]} Rac8 {[%emt 0:01:45]} 27. Rdc1 {[%emt 0:01:24]} Rfd8 {[%emt 0:03:18]} 28. Qxb4 {[%emt 0:01:11]} cxb4 {[%emt 0:00:12]} 29. Kf2 {[%emt 0:00:25]} 1/2-1/2

[Event "LTU-ch Women 2019"]
[Site "Vilnius"]
[Date "2019.03.19"]
[Round "5.4"]
[White "Perminaite, Guoda"]
[Black "Ramanauskaite, Giedre"]
[Result "1-0"]
[WhiteElo "1814"]
[BlackElo "1870"]
[Annotator "NA"]
[PlyCount "75"]
[EventDate "2019.??.??"]
[EventCountry "LTU"]
[SourceTitle "playchess.com"]
[Source "ChessBase"]
[SourceQuality "1"]
[TimeControl "5400+30"]

1. e4 {[%emt 0:00:00]} e5 {[%emt 0:00:00]} 2. Nf3 {[%emt 0:00:00]} Nc6 {[%emt 0:00:00]} 3. Bb5 {[%emt 0:00:00]} a6 {[%emt 0:00:10]} 4. Ba4 {[%emt 0:00:00]} Nf6 {[%emt 0:00:32]} 5. O-O {[%emt 0:00:39]} b5 {[%emt 0:00:53]} 6. Bb3 {[%emt 0:00:08]} Be7 {[%emt 0:00:14]} 7. Re1 {[%emt 0:00:26]} d6 {[%emt 0:00:17]} 8. a4 {[%emt 0:00:17]} Be6 {[%emt 0:00:57]} 9. Bxe6 {[%emt 0:08:41]} fxe6 {[%emt 0:00:08]} 10. Ng5 {[%emt 0:00:47]} Qc8 {[%emt 0:00:55]} 11. axb5 {[%emt 0:00:47]} h6 {[%emt 0:01:56]} 12. Nxe6 {[%emt 0:01:58]} Qxe6 {[%emt 0:00:33]} 13. bxc6 {[%emt 0:00:09]} Qc4 {[%emt 0:00:38]} 14. Nc3 {[%emt 0:04:01]} Qxc6 {[%emt 0:00:15]} 15. d4 {[%emt 0:01:44]} exd4 {[%emt 0:02:27]} 16. Qxd4 {[%emt 0:00:08]} O-O {[%emt 0:00:14]} 17. Nd5 {[%emt 0:12:25]} Nxd5 {[%emt 0:06:10]} 18. Qxd5+ {[%emt 0:00:07]} Qxd5 {[%emt 0:00:24]} 19. exd5 {[%emt 0:00:03]} Bf6 {[%emt 0:01:32]} 20. c3 {[%emt 0:01:26]} Rfb8 {[%emt 0:00:44]} 21. Ra3 {[%emt 0:17:54]} a5 {[%emt 0:03:12]} 22. Re2 {[%emt 0:21:40]} Rb5 {[%emt 0:06:00]} 23. c4 {[%emt 0:00:12]} Rb4 {[%emt 0:00:21]} 24. Rc2 {[%emt 0:00:10]} a4 {[%emt 0:00:16]} 25. Re3 {[%emt 0:01:38]} Kf7 {[%emt 0:01:45]} 26. Kf1 {[%emt 0:09:00]} Rab8 {[%emt 0:00:53]} 27. Ree2 {[%emt 0:03:30]} c6 {[%emt 0:18:02]} 28. Bf4 {[%emt 0:09:05]} cxd5 {[%emt 0:01:29]} 29. Bxd6 {[%emt 0:01:04]} Rxb2 {[%emt 0:02:56]} 30. Bxb8 {[%emt 0:01:12]} Rxb8 {[%emt 0:00:21]} 31. cxd5 {[%emt 0:00:33]} a3 {[%emt 0:00:15]} 32. Rc7+ {[%emt 0:01:41]} Kf8 {[%emt 0:00:33]} 33. Ra7 {[%emt 0:00:43]} Bb2 {[%emt 0:00:08]} 34. d6 {[%emt 0:01:21]} Rc8 {[%emt 0:07:45]} 35. Re1 {[%emt 0:03:00]} Re8 {[%emt 0:03:31]} 36. Rxe8+ {[%emt 0:00:13]} Kxe8 {[%emt 0:00:07]} 37. Ke2 {[%emt 0:00:10]} Be5 {[%emt 0:03:16]} 38. Re7+ {[%emt 0:00:14]} 1-0

[Event "LTU-ch Women 2019"]
[Site "Vilnius"]
[Date "2019.03.19"]
[Round "5.5"]
[White "Malisauskiene, Marina"]
[Black "Maciulaityte, Barbora"]
[Result "1/2-1/2"]
[WhiteElo "1869"]
[BlackElo "1765"]
[Annotator "NA"]
[PlyCount "125"]
[EventDate "2019.??.??"]
[EventCountry "LTU"]
[SourceTitle "playchess.com"]
[Source "ChessBase"]
[SourceQuality "1"]
[TimeControl "5400+30"]

1. d4 {[%emt 0:00:00]} Nf6 {[%emt 0:00:00]} 2. c4 {[%emt 0:00:30]} g6 {[%emt 0:00:30]} 3. Nc3 {[%emt 0:00:30]} d5 {[%emt 0:00:30]} 4. cxd5 {[%emt 0:00:30]} Nxd5 {[%emt 0:00:30]} 5. e4 {[%emt 0:00:30]} Nxc3 {[%emt 0:00:30]} 6. bxc3 {[%emt 0:00:30]} Bg7 {[%emt 0:00:30]} 7. Bc4 {[%emt 0:00:39]} c5 {[%emt 0:00:30]} 8. Be3 {[%emt 0:00:30]} O-O {[%emt 0:00:54]} 9. Ne2 {[%emt 0:00:30]} Nc6 {[%emt 0:00:30]} 10. O-O {[%emt 0:00:30]} Na5 {[%emt 0:00:30]} 11. Bd3 {[%emt 0:00:31]} b6 {[%emt 0:00:30]} 12. Rc1 {[%emt 0:01:05]} e5 {[%emt 0:02:58]} 13. dxc5 {[%emt 0:07:55]} Qc7 {[%emt 0:00:41]} 14. cxb6 {[%emt 0:01:06]} axb6 {[%emt 0:00:30]} 15. c4 {[%emt 0:04:10]} Nb7 {[%emt 0:22:42]} 16. Nc3 {[%emt 0:01:24]} Nc5 {[%emt 0:02:53]} 17. Nd5 {[%emt 0:00:54]} Qa7 {[%emt 0:03:55]} 18. Bb1 {[%emt 0:00:30]} Be6 {[%emt 0:03:53]} 19. Qd2 {[%emt 0:04:58]} Rfd8 {[%emt 0:09:22]} 20. Rfd1 {[%emt 0:04:57]} Rd7 {[%emt 0:02:08]} 21. Qb2 {[%emt 0:11:50]} Na4 {[%emt 0:10:34]} 22. Qb5 {[%emt 0:04:59]} Rad8 {[%emt 0:02:44]} 23. Bc2 {[%emt 0:11:39]} Bxd5 {[%emt 0:07:50]} 24. Bxa4 {[%emt 0:02:13]} Be6 {[%emt 0:02:30]} 25. Rxd7 {[%emt 0:20:05]} Bxd7 {[%emt 0:03:15]} 26. Qxb6 {[%emt 0:00:30]} Qxb6 {[%emt 0:00:39]} 27. Bxb6 {[%emt 0:00:30]} Rb8 {[%emt 0:00:30]} 28. Bxd7 {[%emt 0:01:42]} Rxb6 {[%emt 0:00:30]} 29. c5 {[%emt 0:00:35]} Rb7 {[%emt 0:00:39]} 30. c6 {[%emt 0:00:30]} Rc7 {[%emt 0:00:30]} 31. Rb1 {[%emt 0:00:37]} Bf8 {[%emt 0:00:30]} 32. g4 {[%emt 0:09:29]} g5 {[%emt 0:01:25]} 33. Kf1 {[%emt 0:01:14]} Bd6 {[%emt 0:01:13]} 34. a4 {[%emt 0:00:32]} Kf8 {[%emt 0:03:41]} 35. Rb5 {[%emt 0:02:33]} Ke7 {[%emt 0:02:08]} 36. Ra5 {[%emt 0:02:05]} f6 {[%emt 0:02:32]} 37. Ke2 {[%emt 0:00:30]} Bb4 {[%emt 0:00:55]} 38. Rb5 {[%emt 0:01:19]} Bd6 {[%emt 0:01:06]} 39. Kd3 {[%emt 0:00:53]} Ra7 {[%emt 0:01:04]} 40. Bf5 {[%emt 0:00:45]} Kd8 {[%emt 0:01:45]} 41. Rb7 {[%emt 0:00:30]} Rxb7 {[%emt 0:01:59]} 42. cxb7 {[%emt 0:00:30]} Kc7 {[%emt 0:00:30]} 43. Bc8 {[%emt 0:00:30]} Kc6 {[%emt 0:01:49]} 44. Kc4 {[%emt 0:00:33]} Bb8 {[%emt 0:01:07]} 45. f3 {[%emt 0:00:30]} h6 {[%emt 0:00:38]} 46. Bf5 {[%emt 0:01:23]} Ba7 {[%emt 0:00:46]} 47. Bg6 {[%emt 0:00:30]} Kd6 {[%emt 0:03:50]} 48. Be8 {[%emt 0:00:39]} Bb8 {[%emt 0:01:56]} 49. Kb5 {[%emt 0:00:41]} Ba7 {[%emt 0:00:52]} 50. Bf7 {[%emt 0:01:05]} Kc7 {[%emt 0:00:30]} 51. Ka6 {[%emt 0:00:34]} Bd4 {[%emt 0:00:30]} 52. Kb5 {[%emt 0:00:30]} Ba7 {[%emt 0:00:30]} 53. Bd5 {[%emt 0:00:30]} Bd4 {[%emt 0:00:30]} 54. a5 {[%emt 0:00:46]} Be3 {[%emt 0:00:30]} 55. b8=Q+ {[%emt 0:00:52]} Kxb8 {[%emt 0:00:30]} 56. Kc6 {[%emt 0:00:30]} Ka7 {[%emt 0:00:32]} 57. Bc4 {[%emt 0:00:30]} Bd2 {[%emt 0:00:30]} 58. a6 {[%emt 0:00:30]} Bf4 {[%emt 0:00:30]} 59. Kd6 {[%emt 0:00:30]} Bxh2 {[%emt 0:00:30]} 60. Ke6 {[%emt 0:00:30]} Bf4 {[%emt 0:00:30]} 61. Kxf6 {[%emt 0:00:30]} Kb6 {[%emt 0:00:30]} 62. Kg6 {[%emt 0:00:30]} Ka7 63. Kxh6 1/2-1/2

[Event "LTU-ch Women 2019"]
[Site "Vilnius"]
[Date "2019.03.19"]
[Round "5.6"]
[White "Staskeviciute, Darija"]
[Black "Simkunaite, Gabija"]
[Result "0-1"]
[WhiteElo "1572"]
[BlackElo "1820"]
[Annotator "NA"]
[PlyCount "68"]
[EventDate "2019.??.??"]
[EventCountry "LTU"]
[SourceTitle "playchess.com"]
[Source "ChessBase"]
[SourceQuality "1"]
[TimeControl "5400+30"]

1. d4 {[%emt 0:00:00]} e6 {[%emt 0:00:00]} 2. c4 {[%emt 0:00:00]} b6 {[%emt 0:00:20]} 3. Nf3 {[%emt 0:04:53]} Bb7 {[%emt 0:03:27]} 4. e3 {[%emt 0:02:53]} Nf6 {[%emt 0:00:42]} 5. g3 {[%emt 0:00:22]} Be7 {[%emt 0:02:42]} 6. Bg2 {[%emt 0:00:25]} O-O {[%emt 0:00:41]} 7. O-O {[%emt 0:01:16]} c5 {[%emt 0:02:20]} 8. Nc3 {[%emt 0:01:47]} Na6 {[%emt 0:04:17]} 9. Qc2 {[%emt 0:05:59]} Rc8 {[%emt 0:05:17]} 10. Rd1 {[%emt 0:04:17]} cxd4 {[%emt 0:01:00]} 11. Rxd4 {[%emt 0:00:25]} Nb4 {[%emt 0:08:24]} 12. Qe2 {[%emt 0:00:28]} Bxf3 {[%emt 0:04:41]} 13. Bxf3 {[%emt 0:00:33]} Nc6 {[%emt 0:01:06]} 14. Rd1 {[%emt 0:00:40]} Ne5 {[%emt 0:03:29]} 15. b3 {[%emt 0:02:23]} Nxf3+ {[%emt 0:02:25]} 16. Qxf3 {[%emt 0:00:26]} Qc7 {[%emt 0:06:57]} 17. Bb2 {[%emt 0:01:53]} a6 {[%emt 0:00:38]} 18. Rd3 {[%emt 0:02:52]} Rcd8 {[%emt 0:03:10]} 19. Rad1 {[%emt 0:00:23]} h6 {[%emt 0:03:08]} 20. Ne4 {[%emt 0:01:02]} Ne8 {[%emt 0:04:33]} 21. Nc3 {[%emt 0:11:14]} f5 {[%emt 0:03:05]} 22. Ne2 {[%emt 0:00:16]} Kh7 {[%emt 0:01:37]} 23. Nf4 {[%emt 0:01:19]} g5 {[%emt 0:01:35]} 24. Ne2 {[%emt 0:01:26]} Nf6 {[%emt 0:03:54]} 25. Nd4 {[%emt 0:06:17]} Kg6 {[%emt 0:04:06]} 26. Qe2 {[%emt 0:00:17]} e5 {[%emt 0:01:20]} 27. Nf3 e4 {[%emt 0:03:27]} 28. Ne5+ {[%emt 0:01:51]} Kh7 {[%emt 0:00:16]} 29. R3d2 {[%emt 0:04:26]} d6 {[%emt 0:00:09]} 30. Nf3 {[%emt 0:01:10]} exf3 {[%emt 0:00:06]} 31. Qxf3 {[%emt 0:00:07]} Kg6 {[%emt 0:01:49]} 32. Kg2 {[%emt 0:02:06]} g4 {[%emt 0:01:00]} 33. Qf4 {[%emt 0:00:33]} Ne4 {[%emt 0:00:09]} 34. Rd3 {[%emt 0:00:46]} Bg5 {[%emt 0:00:11]} 0-1